000 00511nam a2200181Ia 4500
005 20250508153308.0
008 008 250505s9999 xx 000 0 eng d
037 _aTextual
040 _aFEDL
_beng
_cFEDL
041 _aeng
_2eng
084 _a016.0014, AUS
_qFEDL
245 0 _aEducational studies and investigations
260 _aCapetown
_bMelbourne University Press
_c1940
300 _a240p.
650 _aBibliographies
942 _cTEXL
_h016.0014, AUS
999 _c1341806
_d1341806